000 00743nam a2200193Ia 4500
003 GCL
008 140319s9999 xx 000 0 ara d
040 _aGCL /
_cGCL
082 0 4 _a020.05
_bم ا
245 1 0 _aالاتجاهات الحديثة فى المكتبات والمعلومات: مج 13 ، ع 26 ( يوليو 2006 ) :
_bكتاب دورى محكم يصدر مؤقتا مرتين فى السنة
260 _aالقاهرة :
_bالمكتبة الاكاديمية ،
_c2006
300 _a292 ص ؛
_c30 سم
650 0 4 _aالإنترنت
650 0 4 _aالمكتبات - علم
650 0 4 _aمجتمع المعلومات
650 0 4 _aالمكتبات الرقمية
650 0 4 _aالاتصال العلمى
942 _2ddc
_cBK
999 _c9885
_d9885